000 00418nam a2200181Ia 4500
001 11490
005 20260306162832.0
008 260306t1980||||xx |||||||||||||| ||spa||
041 _aESP
082 _a985.061
_bC258
100 _aClub Nacional
_eAUT
245 0 _aHomenaje a Grau 1879-1979
260 _c1980
300 _a142 páginas :
_c21cm.
650 _aGEN
654 _aCHU
942 _cLIB
_dJUS
_fJUS
_2ddc
_n
999 _c11490
_d11490